Anagramme Pokémon - Statistiques

Statistiques générales
  • Ce quiz a été pris 585 fois
  • Le résultat moyen est 11 sur 20
Statistiques - réponses
Hint Réponse % Correct
KIHACUP Pikachu
94%
KSOWYKKAP Psykokwak
90%
IPMAHOBNI Amphinobi
88%
RIZBA Zarbi
88%
AARSLT Tarsal
74%
NYMAA Yanma
68%
PAPHMAR Pharamp
67%
LEDLEHELE Hélédelle
65%
NAMNU Munna
56%
LORVSCO Scorvol
56%
NEITE Entei
55%
NEENDED Dedenne
50%
RACORSED Drascore
46%
DAARTTR Tartard
44%
KASTTITI Statitik
34%
ZOLFIRERAR Florizarre
32%
YEUMKR Kyurem
29%
SURACE Arceus
23%
CAOINOVLN Volcanion
22%
GABLONIN Balignon
14%
Aucun quiz correspondant
Distribution des résultats
% des personnes avec chaque résultat
Percentile par nombre de réponses
Votre historique - résultats
Vous n’avez pas pris ce quiz